Strange Foods (A-Z) Quiz Stats

 Plays Quiz Updated Feb 21, 2015

Also try: C-Food Diet
Challenge
Share
Tweet
Embed
Score 0/26 Timer 05:00
0 Plays Today
Description Food % Correct
French dish made of snails, often cooked in butter and garlicescargot
86.6%
popular seafood item often consumed raw and thought to be an aphrodisiacoyster
83.6%
lizard eaten as a delicacy in South/Central America, often served in tacosiguana
75.1%
very expensive Japanese beef that is prized for its well-marbled fattinessKobe beef
67.8%
food made of especially fatty duck or goose liverfoie gras
65.2%
raw preparation of meat, for example beef; in the beef version, it is often served with raw egg, onions and capers.tartare
54.7%
very expensive caviar harvested from a type of sturgeonbeluga
54.3%
Australian delicacy made from yeast extract, often served on toastVegemite
52.3%
a type of mollusc, found in a large, pearlescent shellabalone
44.6%
a dish made of seafood that is not cooked, but is instead marinated in citrusceviche
43.2%
despite its name, it's actually not a dairy product, but instead a cold cut made from pieces of an animal's cheeks, tongue and other partshead cheese
42.5%
despite sounding like a kind of seafood, this is actually a North American dish made of bull testiclesRocky Mountain oysters
38.9%
dish made from the thymus and pancreas of a cow, typically; not a dessert, as the name would have you believe.sweetbread
38.3%
Description Food % Correct
many believe this bumpy fruit, not the apple, was consumed by Adam and Eve in the Garden of Edenquince
37.9%
spiny Asian fruit so stinky there are laws prohibiting its consumption in certain public areasdurian
33%
also known as casava or manioc, this root is eaten like a potato in Africa and Central/South Americayuca
29.1%
thick layer of fat surrounding a large aquatic mammal, eaten in cold climates because of its high energy contentwhale blubber
26.4%
type of expensive wild mushroom found at the base of pine trees, often sold driedporcini mushroom
22.7%
traditional Nordic fish dish, also eaten in the Midwest US, made from whitefish treated with lyelutefisk
22.3%
type of very large saltwater clam that closely resembles male genitaliageoduck
19%
Latin American soup made from hominy and tripemenudo
16.2%
the name for sea urchin eaten as sushi or sashimiuni
15.7%
large Asian fruit, described to taste like chestnutsjackfruit
13.4%
Japanese ingredient made from fermented soybeans, known for its powerful smell and mucus-like texturenatto
9.2%
Middle Eastern spice mixture baked into bread or cooked with meat or vegetablesza'atar
8.5%
spicy seafood sauce used in Chinese cuisinesXO sauce
6.9%

You're not logged in!

Compare scores with friends on all Sporcle quizzes.
OR
Log In

You Might Also Like...

Show Comments

Extras

Top Quizzes Today


Score Distribution

Your Account Isn't Verified!

In order to create a playlist on Sporcle, you need to verify the email address you used during registration. Go to your Sporcle Settings to finish the process.

Report this User

Report this user for behavior that violates our Community Guidelines.

Details: